Full-scale fatigue testing of components and structures / (Record no. 545359)
[ view plain ]
| 000 -LEADER | |
|---|---|
| fixed length control field | 00558pam a2200169 a 4500 |
| 020 ## - INTERNATIONAL STANDARD BOOK NUMBER | |
| International Standard Book Number | 0408022442 : |
| 082 00 - DEWEY DECIMAL CLASSIFICATION NUMBER | |
| Classification number | 620.1123 |
| Author Mark | FUL |
| -- | L-21,P-80 |
| 245 00 - TITLE STATEMENT | |
| Title | Full-scale fatigue testing of components and structures / |
| Statement of responsibility, etc. | edited by K.J. Marsh. |
| 260 ## - PUBLICATION, DISTRIBUTION, ETC. | |
| Place of publication, distribution, etc. | London ; |
| -- | Boston : |
| Name of publisher, distributor, etc. | Butterworths, |
| Date of publication, distribution, etc. | 1988. |
| 300 ## - PHYSICAL DESCRIPTION | |
| Extent | xiii, 331 p. : |
| Other physical details | ill. |
| Dimensions | 24 cm. |
| 526 ## - STUDY PROGRAM INFORMATION NOTE | |
| Program name | 0 |
| Interest level | 0 |
| Reading level | 0 |
| Title point value | 620_112300000000000_FUL |
| 650 #0 - SUBJECT ADDED ENTRY--TOPICAL TERM | |
| Topical term or geographic name entry element | Materials |
| General subdivision | Fatigue |
| -- | Testing. |
| 9 (RLIN) | 41182 |
| 650 #0 - SUBJECT ADDED ENTRY--TOPICAL TERM | |
| Topical term or geographic name entry element | MCE |
| 9 (RLIN) | 379 |
| 650 #0 - SUBJECT ADDED ENTRY--TOPICAL TERM | |
| Topical term or geographic name entry element | Structural stability. |
| 9 (RLIN) | 41183 |
| 700 1# - ADDED ENTRY--PERSONAL NAME | |
| Personal name | Marsh, K. J. |
| 9 (RLIN) | 41184 |
| 942 ## - ADDED ENTRY ELEMENTS (KOHA) | |
| Source of classification or shelving scheme | |
| Koha item type | Book |
| Withdrawn status | Lost status | Source of classification or shelving scheme | Damaged status | Not for loan | Permanent Location | Current Location | Date acquired | Total Checkouts | Full call number | Barcode | Date last seen | Price effective from | Koha item type |
|---|---|---|---|---|---|---|---|---|---|---|---|---|---|
| Military College of Engineering (MCE) | Military College of Engineering (MCE) | 05/21/2014 | 620.1123 FUL | MCE-27879 | 05/21/2014 | 05/21/2014 | Book |
